Statistics for Airlines at SFO

Click here to take the quiz!

General Stats

  • This quiz has been taken 95 times
  • The average score is 45 of 49

Answer Stats

HintAnswer% Correct
CanadaAir Canada
100%
ChinaAir China
100%
FranceAir France
100%
IndiaAir India
100%
New ZealandAir New Zealand
100%
JapanANA
100%
UAEEmirates
100%
FinlandFinnair
100%
HawaiiHawaiian
100%
IrelandAer Lingus
98%
MexicoAeromexico
98%
USDelta
98%
SpainIberia
98%
IcelandIcelandair
98%
AustraliaQantas
98%
USUnited
98%
USAmerican Airlines
97%
South KoreaAsiana
97%
UKBritish Airways
97%
IsraelEl Al
97%
NetherlandsKLM
97%
South KoreaKorean Air
97%
GermanyLufthansa
97%
SingaporeSingapore Airlines
97%
SwitzerlandSwiss International
97%
Hong KongCathay Pacific
95%
TaiwanEVA Air
95%
JapanJapan Airlines
95%
ScandinaviaSAS
95%
TurkeyTurkish Airlines
95%
ChinaChina Eastern
93%
ChinaChina Southern
93%
FijiFiji Airways
93%
PortugalTAP Portugal
93%
USSouthwest
91%
UKVirgin Atlantic
90%
CanadaWestjet
90%
USAlaska Airlines
88%
PanamaCopa
88%
ChinaChina Airlines
86%
El SalvadorAvianca
83%
PhillipinesPhilippine Airlines
81%
USJetBlue
79%
USFrontier
76%
FranceFrench Bee
71%
SpainLevel
64%
USSun Country
62%
MexicoInterjet
59%
EuropeNorwegian Air
50%

Score Distribution

Percentile by Number Answered

Percent of People with Each Score

Your Score History

You have not taken this quiz